[Event "RA-2013-0-00307"]
[Site "LSS email"]
[Date "2013.12.29"]
[Round "?"]
[White "Husemann, Andreas"]
[Black "Latib, Yunus"]
[Result "1/2-1/2"]
[WhiteElo "2077"]
[BlackElo "1978"]
[PlyCount "106"]
[EventDate "2013.12.08"]
[EventType "tourn (corr)"]
[EventRounds "6"]
[EventCountry "GER"]
[SourceTitle "Telechess CBM 167"]
[Source "ChessBase"]
[SourceDate "2015.07.13"]
[SourceVersion "1"]
[SourceVersionDate "2015.07.13"]
[SourceQuality "1"]

1. d4 c5 2. d5 Nf6 3. Nc3 d6 4. e4 e6 5. Bb5+ Nbd7 6. dxe6 fxe6 7. e5 dxe5 8. Nf3 a6 9. Bc4 Nb6 10. Qxd8+ Kxd8 11. Nxe5 Nxc4 12. Nxc4 b5 13. Ne5 Ke8 14. 0-0 Bb7 15. Re1 Rg8 16. b3 Rd8 17. Bb2 Be7 18. Nd3 Kf7 19. a4 b4 20. Nd1 Nd7 21. Ne3 Rge8 22. Rad1 Be4 23. Kf1 Nb6 24. Ne5+ Kf8 25. Rxd8 Rxd8 26. f3 Bb7 27. a5 Nd5 28. N3c4 Nc7 29. Kf2 Nb5 30. Nd3 Bd5 31. Nf4 Kf7 32. Nb6 Na3 33. Bxa3 bxa3 34. Ra1 h5 35. Nbxd5 exd5 36. Rxa3 c4 37. Ra1 cxb3 38. cxb3 Rb8 39. Rb1 Rb5 40. Nxh5 Rxa5 41. Rd1 Bc5+ 42. Kg3 Be3 43. h4 d4 44. Nf4 Rb5 45. Nd3 Rxb3 46. f4 a5 47. Kf3 a4 48. Ke4 a3 49. Ra1 Bd2 50. Kxd4 Bc3+ 51. Kc4 Bxa1 52. Kxb3 Ke6 53. g4 Kd5 1/2-1/2

[Event "RB-2013-0-00235"]
[Site "LSS email"]
[Date "2013.12.29"]
[Round "?"]
[White "Latib, Yunus"]
[Black "Mujica, Hector"]
[Result "1-0"]
[WhiteElo "1982"]
[BlackElo "1808"]
[PlyCount "61"]
[EventDate "2013.12.10"]
[EventType "tourn (corr)"]
[EventRounds "6"]
[EventCountry "GER"]
[SourceTitle "Telechess CBM 167"]
[Source "ChessBase"]
[SourceDate "2015.07.13"]
[SourceVersion "1"]
[SourceVersionDate "2015.07.13"]
[SourceQuality "1"]

1. d4 Nf6 2. c4 e6 3. Nf3 d5 4. Nc3 Be7 5. Bg5 Nbd7 6. cxd5 exd5 7. e3 c6 8. Bd3 0-0 9. Qc2 Re8 10. 0-0 Bf8 11. Bxh7+ Kh8 12. Bd3 Be7 13. h3 Ne4 14. Bf4 Ng5 15. Ne5 Nxe5 16. Bxe5 Kg8 17. f4 Ne6 18. Qe2 Bf6 19. Qh5 Nf8 20. Rad1 g6 21. Qf3 Bf5 22. Bxf5 gxf5 23. g4 Bg7 24. gxf5 f6 25. e4 fxe5 26. dxe5 d4 27. f6 Bxf6 28. exf6 Qxf6 29. e5 Qh4 30. Ne4 Ne6 31. Nf6+ 1-0

[Event "RB-2013-0-00235"]
[Site "LSS email"]
[Date "2013.12.29"]
[Round "?"]
[White "Willmann, Bernd"]
[Black "Latib, Yunus"]
[Result "1/2-1/2"]
[WhiteElo "2075"]
[BlackElo "1982"]
[PlyCount "111"]
[EventDate "2013.12.10"]
[EventType "tourn (corr)"]
[EventRounds "6"]
[EventCountry "GER"]
[SourceTitle "Telechess CBM 167"]
[Source "ChessBase"]
[SourceDate "2015.07.13"]
[SourceVersion "1"]
[SourceVersionDate "2015.07.13"]
[SourceQuality "1"]

1. e4 c5 2. Nf3 d6 3. Nc3 Nc6 4. d4 cxd4 5. Nxd4 Nf6 6. Bg5 e6 7. Qd2 Be7 8. 0-0-0 Nxd4 9. Qxd4 0-0 10. f4 Qa5 11. e5 dxe5 12. Qxe5 b5 13. Ne4 Rd8 14. Bd3 Rd5 15. Qc3 Qxc3 16. Nxc3 Rd8 17. Nxb5 Bb7 18. Rd2 h6 19. Bh4 g5 20. fxg5 Nh5 21. Rhd1 hxg5 22. Bf2 a6 23. Nc3 Nf4 24. Be4 Bxe4 25. Rxd8+ Bxd8 26. Nxe4 Nxg2 27. Rd7 f5 28. Nd6 Nh4 29. Nf7 Bf6 30. Nh6+ Kh8 31. c4 Nf3 32. c5 Ne5 33. Nf7+ Kg8 34. Nxe5 Bxe5 35. h3 a5 36. Kc2 Kf8 37. b3 Ke8 38. Rh7 Rd8 39. Ra7 Bf4 40. Be1 Rd5 41. Rxa5 g4 42. hxg4 fxg4 43. c6 g3 44. Ra7 Rc5+ 45. Kd3 Rc1 46. Ke2 Rxc6 47. Kf3 Bd6 48. Ra8+ Ke7 49. Rg8 Rc1 50. Bxg3 Rc3+ 51. Kg2 Rc2+ 52. Kf3 Rxa2 53. Ke4 Kf7 54. Rg4 Rg2 55. Kf3 Rxg3+ 56. Rxg3 1/2-1/2